Психология. Педагогика. Этика: учебник для вузов

Sonraí bibleagrafaíochta
Rannpháirtithe: Наумкин Ю. В. (редактор)
Teanga:Rúisis
Foilsithe / Cruthaithe: Москва, Закон и право, 1999
Ábhair:
Formáid: LEABHAR
KOHA link:https://koha.lib.tpu.ru/cgi-bin/koha/opac-detail.pl?biblionumber=24443

MARC

LEADER 00000nam0a2200000 4500
001 24443
005 20231030200221.0
010 |a 5238000553 
035 |a (RuTPU)RU\TPU\book\24671 
035 |a BOOK00024744 
090 |a 24443 
100 |a 20011209d1999 m y0rusy50 ca 
101 0 |a rus 
102 |a RU 
105 |a y j 000zy 
200 1 |a Психология. Педагогика. Этика  |e учебник для вузов  |f Под ред. Ю. В. Наумкина 
210 |a Москва  |c Закон и право  |c ЮНИТИ  |d 1999 
215 |a 350 с. 
610 1 |a психология 
610 1 |a педагогика 
610 1 |a этика 
610 1 |a органы внутренних дел 
610 1 |a Россия 
610 1 |a учебные пособия 
686 |a Ю93я73  |v LBC/SL-A  |2 rubbk 
686 |a Ч31я73  |v LBC/SL-A  |2 rubbk 
686 |a Ю7я73  |v LBC/SL-A  |2 rubbk 
702 1 |a Наумкин  |b Ю. В.  |4 340 
801 0 |a RU  |b 63413507  |c 20011209  |g PSBO 
801 2 |a RU  |b 63413507  |c 20220331  |g PSBO 
942 |c BK